| 000 | 01912cam a2200457 a 4500 | ||
|---|---|---|---|
| 999 |
_c328387 _d328387 |
||
| 001 | 14972136 | ||
| 003 | Nust | ||
| 005 | 20170406121320.0 | ||
| 008 | 070820s2007 nyu d 000 1 eng d | ||
| 010 | _a 2007298844 | ||
| 020 | _a9780755346684 (pbk.) | ||
| 035 | _a(OCoLC)ocn133547476 | ||
| 035 | _a(OCoLC)133547476 | ||
| 040 |
_aJBI _cJBI _dBAKER _dVP@ _dBTCTA _dEHH _dDLC |
||
| 042 |
_alcac _alccopycat |
||
| 050 | 0 | 0 |
_aPZ7.V94 _bUnf 2007 |
| 082 | 0 | 0 |
_a823 _bVIN |
| 100 | 1 | _aVon Ziegesar, Cecily. | |
| 245 | 1 | 0 |
_aUnforgettable : _ban It girl novel / _ccreated by Cecily von Ziegesar. |
| 250 | _a1st ed. | ||
| 260 |
_aNew York : _bLittle, Brown, _c2007. |
||
| 300 |
_a280 p. ; _c21 cm. |
||
| 520 | _aCallie Vernon has never shared much with Jenny Humphrey, her younger, rosy-cheeked roommate at elite Waverly Academy, but when Jenny steals Callie's long-term boyfriend, Easy Walsh, Callie feels little guilt about kissing him behind Jenny's back. | ||
| 521 | 1 | _aAges 15 and up. | |
| 650 | 0 |
_aBoarding schools _vFiction. |
|
| 650 | 0 |
_aTeenage girls _vFiction. |
|
| 650 | 0 |
_aInterpersonal relations _vFiction. |
|
| 650 | 0 |
_aWealth _vFiction. |
|
| 650 | 0 |
_aConduct of life _vFiction. |
|
| 650 | 1 |
_aDating (Social customs) _vFiction. |
|
| 650 | 1 |
_aConduct of life _vFiction. |
|
| 650 | 1 |
_aInterpersonal relations _vFiction. |
|
| 650 | 1 |
_aBoarding schools _vFiction. |
|
| 650 | 1 |
_aSchools _vFiction. |
|
| 651 | 0 |
_aNew York (State) _vFiction. |
|
| 651 | 1 |
_aNew York (State) _vFiction. |
|
| 856 | 4 | 2 |
_3Publisher description _uhttp://www.loc.gov/catdir/enhancements/fy0740/2007298844-d.html |
| 856 | 4 | 2 |
_3Contributor biographical information _uhttp://www.loc.gov/catdir/enhancements/fy0742/2007298844-b.html |
| 906 |
_a7 _bcbc _ccopycat _d2 _encip _f20 _gy-gencatlg |
||
| 942 |
_2ddc _cBK |
||